Sapo y Sepo, un año entero

Gespeichert in:
Bibliographische Detailangaben
1. Verfasser: Lobel, Arnold (autor)
Format: Buch
Sprache:Spanisch
Veröffentlicht: Bogotá Santillana S. A 1994
Schriftenreihe:Alfaguara Infantil
Schlagworte:
Tags: Tag hinzufügen
Keine Tags, Fügen Sie den ersten Tag hinzu!

MARC

LEADER 00000cam a2200000 a 4500
001 UCF7469
003 CL-VaPUC
008 130627e19940000CK |||||||||||||||||spa|d
020 |a 9582401761 
082 0 4 |a 813  |b LOB  |2 21 
100 |a Lobel, Arnold  |e autor  |9 238 
245 1 0 |a Sapo y Sepo, un año entero 
300 |a 66 p 
942 |c BK 
945 |d 20130627 00:00:00  |a cmena 
260 |a Bogotá  |b Santillana S. A  |c 1994 
650 7 |a RELATOS ESTADOUNIDENSES  |2 CL-VaPUC  |9 464385 
650 0 |a Cuentos estadounidenses  |9 265133 
650 0 |a Cuentos infantiles  |9 308044 
650 0 |a Literatura estadounidense  |9 317168 
583 |a last modification  |c 20130627 13:18:00  |k Rodrigo Vera 
490 0 |a Alfaguara Infantil 
999 |c 352298  |d 352296